[Event "DEM U18 2018"]
[Site "Willingen GER"]
[Date "2018.05.24"]
[Round "7"]
[White "Mätzkow, Maximilian Paul"]
[Black "Kololli, Martin"]
[Result "1/2-1/2"]
[Termination "normal"]
[Board "6"]
[WhiteElo "2171"]
[BlackElo "2336"]
[WhiteClock "00:27:13"]
[BlackClock "00:21:17"]
[PlyCount "54"]
[WhiteFideId "24679933"]
[BlackFideId "12936910"]
[EventCountry "GER"]
[EventRounds "9"]
[EventType "swiss"]
[EventDate "2018.05.19"]

1. e4 {[%clk 1:30:56]} 1... e5 {[%clk 1:12:59]} 2. Nf3 {[%clk 1:31:19]} 2...
Nc6 {[%clk 1:13:26]} 3. Bb5 {[%clk 1:31:42]} 3... a6 {[%clk 1:13:53]} 4. Ba4 {
[%clk 1:32:07]} 4... Nf6 {[%clk 1:14:18]} 5. d3 {[%clk 1:32:30]} 5... b5 {
[%clk 1:13:36]} 6. Bb3 {[%clk 1:32:54]} 6... Be7 {[%clk 1:13:42]} 7. O-O {
[%clk 1:33:17]} 7... d6 {[%clk 1:14:07]} 8. c3 {[%clk 1:33:43]} 8... O-O {
[%clk 1:14:28]} 9. Nbd2 {[%clk 1:33:54]} 9... Nb8 {[%clk 1:14:36]} 10. Re1 {
[%clk 1:33:14]} 10... Re8 {[%clk 1:13:17]} 11. Nf1 {[%clk 1:33:13]} 11... Bf8 {
[%clk 1:11:47]} 12. Ng3 {[%clk 1:28:47]} 12... Bb7 {[%clk 1:10:37]} 13. d4 {
[%clk 1:08:03]} 13... exd4 {[%clk 0:56:12]} 14. Ng5 {[%clk 1:06:17]} 14... d5 {
[%clk 0:54:55]} 15. e5 {[%clk 1:06:29]} 15... h6 {[%clk 0:52:46]} 16. Nf3 {
[%clk 1:04:44]} 16... Ne4 {[%clk 0:46:28]} 17. cxd4 {[%clk 1:04:42]} 17... c5 {
[%clk 0:44:43]} 18. Bc2 {[%clk 0:58:12]} 18... cxd4 {[%clk 0:41:32]} 19. Nxe4 {
[%clk 0:56:18]} 19... dxe4 {[%clk 0:41:53]} 20. Bxe4 {[%clk 0:56:39]} 20...
Bxe4 {[%clk 0:41:42]} 21. Rxe4 {[%clk 0:57:04]} 21... Nc6 {[%clk 0:41:48]} 22.
Qb3 {[%clk 0:39:18]} 22... Re6 {[%clk 0:37:47]} 23. Bd2 {[%clk 0:38:31]} 23...
Qb6 {[%clk 0:31:19]} 24. Rc1 {[%clk 0:31:59]} 24... Rae8 {[%clk 0:30:41]} 25.
Rce1 {[%clk 0:30:08]} 25... Bc5 {[%clk 0:29:29]} 26. Qd3 {[%clk 0:30:10]} 26...
Qb8 {[%clk 0:28:25]} 27. Bf4 {[%clk 0:27:13]} 27... Nb4 {[%clk 0:21:17]}
1/2-1/2

[Event "DEM U18 2018"]
[Site "Willingen GER"]
[Date "2018.05.24"]
[Round "7"]
[White "Muckle, Julius"]
[Black "Pallas, Sebastian"]
[Result "0-1"]
[Termination "normal"]
[Board "7"]
[WhiteTitle "FM"]
[WhiteElo "2344"]
[BlackElo "2291"]
[WhiteClock "00:00:55"]
[BlackClock "00:08:14"]
[PlyCount "52"]
[WhiteFideId "12942430"]
[BlackFideId "12905453"]
[EventCountry "GER"]
[EventRounds "9"]
[EventType "swiss"]
[EventDate "2018.05.19"]

1. d4 {[%clk 1:30:58]} 1... Nf6 {[%clk 1:30:45]} 2. c4 {[%clk 1:31:25]} 2... g6
{[%clk 1:31:00]} 3. Bg5 {[%clk 1:31:24]} 3... Ne4 {[%clk 1:24:04]} 4. Bf4 {
[%clk 1:31:48]} 4... c5 {[%clk 1:22:47]} 5. f3 {[%clk 1:29:20]} 5... Qa5+ {
[%clk 1:20:16]} 6. Nd2 {[%clk 1:27:17]} 6... Nxd2 {[%clk 1:20:29]} 7. Bxd2 {
[%clk 1:26:40]} 7... Qc7 {[%clk 1:20:44]} 8. Bc3 {[%clk 1:21:01]} 8... Bg7 {
[%clk 1:20:02]} 9. e3 {[%clk 1:11:11]} 9... O-O {[%clk 1:18:16]} 10. Qd2 {
[%clk 1:03:34]} 10... d6 {[%clk 1:08:17]} 11. d5 {[%clk 1:02:34]} 11... e5 {
[%clk 0:49:25]} 12. O-O-O {[%clk 0:47:32]} 12... a6 {[%clk 0:42:50]} 13. h4 {
[%clk 0:46:46]} 13... b5 {[%clk 0:43:05]} 14. Qf2 {[%clk 0:44:36]} 14... Qe7 {
[%clk 0:41:35]} 15. h5 {[%clk 0:17:15]} 15... b4 {[%clk 0:35:06]} 16. Be1 {
[%clk 0:16:59]} 16... e4 {[%clk 0:35:27]} 17. Qh4 {[%clk 0:15:09]} 17... g5 {
[%clk 0:19:12]} 18. Qxe4 {[%clk 0:14:33]} 18... Bxb2+ {[%clk 0:19:11]} 19. Kb1
{[%clk 0:12:12]} 19... Qxe4+ {[%clk 0:19:06]} 20. fxe4 {[%clk 0:12:41]} 20...
Be5 {[%clk 0:19:08]} 21. Nf3 {[%clk 0:11:19]} 21... f6 {[%clk 0:19:19]} 22. h6
{[%clk 0:10:01]} 22... Nd7 {[%clk 0:16:40]} 23. g3 {[%clk 0:09:03]} 23... Kh8 {
[%clk 0:13:37]} 24. Be2 {[%clk 0:04:38]} 24... Nb6 {[%clk 0:10:14]} 25. Nxe5 {
[%clk 0:03:06]} 25... dxe5 {[%clk 0:08:14]} 26. Rf1 {[%clk 0:00:55]} 26... a5
0-1

[Event "DEM U18 2018"]
[Site "Willingen GER"]
[Date "2018.05.24"]
[Round "7"]
[White "Polster, Christian"]
[Black "Degenhard, Simon"]
[Result "1-0"]
[Termination "normal"]
[Board "8"]
[WhiteTitle "FM"]
[BlackTitle "FM"]
[WhiteElo "2289"]
[BlackElo "2189"]
[WhiteClock "00:30:57"]
[BlackClock "00:27:02"]
[PlyCount "83"]
[WhiteFideId "12965081"]
[BlackFideId "12944017"]
[EventCountry "GER"]
[EventRounds "9"]
[EventType "swiss"]
[EventDate "2018.05.19"]

1. e4 {[%clk 1:30:57]} 1... c5 {[%clk 1:30:54]} 2. Nc3 {[%clk 1:31:14]} 2... g6
{[%clk 1:31:17]} 3. Nf3 {[%clk 1:31:29]} 3... Bg7 {[%clk 1:31:32]} 4. d4 {
[%clk 1:31:54]} 4... cxd4 {[%clk 1:31:37]} 5. Nxd4 {[%clk 1:32:19]} 5... Nc6 {
[%clk 1:31:43]} 6. Be3 {[%clk 1:32:26]} 6... Nf6 {[%clk 1:30:12]} 7. Bc4 {
[%clk 1:32:19]} 7... Qa5 {[%clk 1:29:44]} 8. O-O {[%clk 1:32:30]} 8... d6 {
[%clk 1:28:46]} 9. h3 {[%clk 1:32:38]} 9... O-O {[%clk 1:28:10]} 10. Bb3 {
[%clk 1:32:40]} 10... Bd7 {[%clk 1:28:31]} 11. Re1 {[%clk 1:32:53]} 11... Rfe8
{[%clk 1:28:17]} 12. Qe2 {[%clk 1:24:39]} 12... Rac8 {[%clk 1:23:18]} 13. Rad1
{[%clk 1:24:46]} 13... Nxd4 {[%clk 1:16:14]} 14. Bxd4 {[%clk 1:24:52]} 14...
Bc6 {[%clk 1:13:46]} 15. Nd5 {[%clk 1:21:48]} 15... Nd7 {[%clk 0:57:18]} 16.
Bxg7 {[%clk 1:15:24]} 16... Kxg7 {[%clk 0:57:08]} 17. Qg4 {[%clk 1:11:21]}
17... Nc5 {[%clk 0:48:53]} 18. c3 {[%clk 1:00:55]} 18... e6 {[%clk 0:44:10]}
19. Nb4 {[%clk 0:50:43]} 19... Bxe4 {[%clk 0:42:38]} 20. Rxd6 {[%clk 0:50:22]}
20... Red8 {[%clk 0:41:08]} 21. Rxd8 {[%clk 0:45:44]} 21... Rxd8 { [%clk
0:40:53]} 22. Qf4 {[%clk 0:43:00]} 22... Nxb3 {[%clk 0:33:32]} 23. axb3 { [%clk
0:39:38]} 23... Bd5 {[%clk 0:31:06]} 24. Qd4+ {[%clk 0:39:31]} 24... Kg8 {[%clk
0:25:31]} 25. Rd1 {[%clk 0:36:22]} 25... a6 {[%clk 0:20:32]} 26. Nc2 { [%clk
0:32:43]} 26... Rc8 {[%clk 0:19:08]} 27. c4 {[%clk 0:32:10]} 27... Bc6 { [%clk
0:19:02]} 28. Ne3 {[%clk 0:31:45]} 28... h5 {[%clk 0:18:03]} 29. c5 { [%clk
0:26:12]} 29... Qb5 {[%clk 0:16:01]} 30. b4 {[%clk 0:24:41]} 30... Bd5 { [%clk
0:14:54]} 31. Rd3 {[%clk 0:10:12]} 31... Rd8 {[%clk 0:13:47]} 32. g4 { [%clk
0:06:55]} 32... Kf8 {[%clk 0:06:15]} 33. Rd2 {[%clk 0:04:32]} 33... a5 { [%clk
0:05:23]} 34. bxa5 {[%clk 0:04:02]} 34... Qxa5 {[%clk 0:05:30]} 35. b4 { [%clk
0:04:02]} 35... Qa3 {[%clk 0:04:24]} 36. gxh5 {[%clk 0:03:41]} 36... gxh5
{[%clk 0:04:31]} 37. Qh8+ {[%clk 0:01:16]} 37... Ke7 {[%clk 0:05:00]} 38. Qxh5
{[%clk 0:01:29]} 38... Rg8+ {[%clk 0:01:38]} 39. Kh2 {[%clk 0:01:00]} 39...
Qxb4 {[%clk 0:00:49]} 40. Qxd5 {[%clk 0:00:40]} 40... Qf4+ {[%clk 0:00:32]} 41.
Kh1 {[%clk 0:00:57]} 41... Qa4 {[%clk 0:27:02]} 42. Qxb7+ {[%clk 0:30:57]} 1-0

[Event "DEM U18 2018"]
[Site "Willingen GER"]
[Date "2018.05.24"]
[Round "7"]
[White "Fieberg, Samuel"]
[Black "Woelk, Tom-Frederic"]
[Result "1/2-1/2"]
[Termination "normal"]
[Board "9"]
[WhiteTitle "FM"]
[WhiteElo "2248"]
[BlackElo "2176"]
[WhiteClock "00:05:08"]
[BlackClock "00:06:36"]
[PlyCount "118"]
[WhiteFideId "12901717"]
[BlackFideId "12993077"]
[EventCountry "GER"]
[EventRounds "9"]
[EventType "swiss"]
[EventDate "2018.05.19"]

1. e4 {[%clk 1:30:57]} 1... c5 {[%clk 1:30:55]} 2. Nf3 {[%clk 1:31:23]} 2... d6
{[%clk 1:31:21]} 3. d4 {[%clk 1:31:50]} 3... cxd4 {[%clk 1:31:47]} 4. Nxd4 {
[%clk 1:32:16]} 4... Nf6 {[%clk 1:32:11]} 5. Nc3 {[%clk 1:32:42]} 5... a6 {
[%clk 1:32:37]} 6. g3 {[%clk 1:33:05]} 6... e6 {[%clk 1:32:33]} 7. Bg2 { [%clk
1:32:43]} 7... Be7 {[%clk 1:32:58]} 8. O-O 8... O-O {[%clk 1:32:04]} 9. a4
{[%clk 1:30:10]} 9... Nc6 {[%clk 1:31:33]} 10. Nb3 {[%clk 1:26:23]} 10... Na5
{[%clk 1:28:07]} 11. Nxa5 {[%clk 1:24:39]} 11... Qxa5 {[%clk 1:28:30]} 12. Bd2
{[%clk 1:24:12]} 12... Qc7 {[%clk 1:22:31]} 13. a5 {[%clk 1:23:19]} 13... Bd7
{[%clk 1:22:42]} 14. Na4 {[%clk 1:21:27]} 14... Bc6 {[%clk 1:09:01]} 15. Re1
{[%clk 1:12:02]} 15... d5 {[%clk 1:07:46]} 16. e5 {[%clk 0:59:58]} 16... Nd7
{[%clk 1:07:19]} 17. Bc3 {[%clk 0:57:47]} 17... b5 {[%clk 0:50:01]} 18. axb6
{[%clk 0:57:44]} 18... Nxb6 {[%clk 0:49:23]} 19. Ba5 {[%clk 0:53:00]} 19...
Bxa4 {[%clk 0:47:05]} 20. Rxa4 {[%clk 0:53:13]} 20... Qb7 {[%clk 0:44:30] } 21.
Rg4 {[%clk 0:50:34]} 21... Rac8 {[%clk 0:31:16]} 22. b3 {[%clk 0:47:39]} 22...
Rc5 {[%clk 0:19:20]} 23. Bb4 {[%clk 0:36:32]} 23... Rb5 {[%clk 0:19:09]} 24.
Bd2 {[%clk 0:36:08]} 24... Rd8 {[%clk 0:15:54]} 25. Bf1 {[%clk 0:32:43]} 25...
Rc5 {[%clk 0:16:14]} 26. Rd4 {[%clk 0:27:58]} 26... Nd7 {[%clk 0:16:05]} 27.
Bb4 {[%clk 0:24:37]} 27... Qc7 {[%clk 0:14:56]} 28. Bxa6 {[%clk 0:17:58]} 28...
Nxe5 {[%clk 0:08:58]} 29. Bxc5 {[%clk 0:17:39]} 29... Bxc5 { [%clk 0:09:24]}
30. Ra4 {[%clk 0:17:00]} 30... Nd7 {[%clk 0:07:49]} 31. Bd3 { [%clk 0:15:49]}
31... e5 {[%clk 0:07:08]} 32. Bf5 {[%clk 0:11:08]} 32... Nf6 { [%clk 0:07:24]}
33. Qa1 {[%clk 0:06:14]} 33... Bd4 {[%clk 0:06:54]} 34. Qa2 { [%clk 0:05:08]}
34... g6 {[%clk 0:06:11]} 35. Bh3 {[%clk 0:04:49]} 35... Ne4 { [%clk 0:06:27]}
36. Rxd4 {[%clk 0:03:12]} 36... exd4 {[%clk 0:06:52]} 37. f3 { [%clk 0:02:22]}
37... Nxg3 {[%clk 0:06:32]} 38. Qa4 {[%clk 0:01:10]} 38... Nh5 {[%clk 0:05:15]}
39. Qxd4 {[%clk 0:01:14]} 39... Qxc2 {[%clk 0:05:17]} 40. b4 { [%clk 0:00:41]}
40... Qb3 {[%clk 0:04:51]} 41. Re3 {[%clk 0:26:50]} 41... Qb1+ {[%clk 0:34:04]}
42. Bf1 {[%clk 0:27:05]} 42... Ng7 {[%clk 0:31:32]} 43. Qf6 { [%clk 0:23:07]}
43... Rf8 {[%clk 0:31:36]} 44. Qc3 {[%clk 0:18:59]} 44... Ne6 { [%clk 0:28:01]}
45. Re1 {[%clk 0:18:27]} 45... Qf5 {[%clk 0:28:21]} 46. Qd3 { [%clk 0:15:36]}
46... Qg5+ {[%clk 0:26:24]} 47. Kh1 {[%clk 0:15:39]} 47... Rb8 {[%clk 0:25:47]}
48. b5 {[%clk 0:15:22]} 48... d4 {[%clk 0:19:27]} 49. Rb1 { [%clk 0:14:21]}
49... Qd5 {[%clk 0:18:40]} 50. Qb3 {[%clk 0:08:59]} 50... Qxb3 {[%clk 0:17:25]}
51. Rxb3 {[%clk 0:09:24]} 51... Kf8 {[%clk 0:17:33]} 52. Kg2 { [%clk 0:08:35]}
52... Ke7 {[%clk 0:17:39]} 53. Ra3 {[%clk 0:06:11]} 53... Rb7 { [%clk 0:14:03]}
54. Ra6 {[%clk 0:05:11]} 54... Kf6 {[%clk 0:10:47]} 55. Kg3 { [%clk 0:04:52]}
55... Ke5 {[%clk 0:10:01]} 56. Rc6 {[%clk 0:04:05]} 56... Nf4 { [%clk 0:06:20]}
57. Rc5+ {[%clk 0:04:24]} 57... Kd6 {[%clk 0:05:56]} 58. Rc6+ { [%clk 0:04:49]}
58... Ke5 {[%clk 0:06:21]} 59. Rc5+ {[%clk 0:05:08]} 59... Kd6 {[%clk 0:06:36]}
1/2-1/2

[Event "DEM U18 2018"]
[Site "Willingen GER"]
[Date "2018.05.24"]
[Round "7"]
[White "Herbrig, Alexander"]
[Black "Schlick, Stefan"]
[Result "1-0"]
[Termination "normal"]
[Board "10"]
[WhiteElo "2270"]
[BlackElo "1970"]
[WhiteClock "00:08:59"]
[BlackClock "00:08:08"]
[PlyCount "57"]
[WhiteFideId "12952044"]
[BlackFideId "16211332"]
[EventCountry "GER"]
[EventRounds "9"]
[EventType "swiss"]
[EventDate "2018.05.19"]

1. c4 {[%clk 1:30:58]} 1... e5 {[%clk 1:27:13]} 2. Nc3 {[%clk 1:31:13]} 2...
Nc6 {[%clk 1:27:31]} 3. g3 {[%clk 1:31:05]} 3... Nf6 {[%clk 1:26:09]} 4. Bg2 {
[%clk 1:31:14]} 4... Bb4 {[%clk 1:21:26]} 5. e3 {[%clk 1:21:58]} 5... Bxc3 {
[%clk 1:17:51]} 6. bxc3 {[%clk 1:21:27]} 6... e4 {[%clk 1:16:31]} 7. f3 { [%clk
1:17:00]} 7... d5 {[%clk 0:49:52]} 8. cxd5 {[%clk 1:09:09]} 8... Qxd5 { [%clk
0:49:52]} 9. fxe4 {[%clk 1:08:48]} 9... Qd3 {[%clk 0:42:54]} 10. Ne2 { [%clk
0:59:51]} 10... Nxe4 {[%clk 0:35:06]} 11. Nf4 {[%clk 0:57:12]} 11... Qc4 {[%clk
0:33:26]} 12. Qb3 {[%clk 0:53:35]} 12... Qxb3 {[%clk 0:31:47]} 13. axb3 {[%clk
0:54:03]} 13... Nc5 {[%clk 0:31:28]} 14. b4 {[%clk 0:32:58]} 14... Nb3 { [%clk
0:26:24]} 15. Rb1 {[%clk 0:33:08]} 15... Nxc1 {[%clk 0:26:44]} 16. Rxc1 { [%clk
0:33:36]} 16... Ne7 {[%clk 0:24:09]} 17. O-O {[%clk 0:27:50]} 17... c6 { [%clk
0:22:30]} 18. d4 {[%clk 0:27:03]} 18... Bd7 {[%clk 0:21:16]} 19. Nd3 { [%clk
0:25:00]} 19... Nd5 {[%clk 0:19:52]} 20. c4 {[%clk 0:24:24]} 20... Nf6 { [%clk
0:15:57]} 21. e4 {[%clk 0:23:24]} 21... O-O-O {[%clk 0:12:15]} 22. h3 { [%clk
0:20:09]} 22... Rhf8 {[%clk 0:12:07]} 23. g4 {[%clk 0:17:16]} 23... Ne8 { [%clk
0:12:19]} 24. e5 {[%clk 0:16:07]} 24... Kb8 {[%clk 0:11:50]} 25. Nc5 { [%clk
0:13:31]} 25... Nc7 {[%clk 0:11:33]} 26. b5 {[%clk 0:11:29]} 26... Be6 { [%clk
0:10:17]} 27. bxc6 {[%clk 0:10:23]} 27... Rxd4 {[%clk 0:09:58]} 28. cxb7 {[%clk
0:08:47]} 28... Bxc4 {[%clk 0:08:08]} 29. Rxc4 {[%clk 0:08:59]} 1-0

[Event "DEM U18 2018"]
[Site "Willingen GER"]
[Date "2018.05.24"]
[Round "7"]
[White "Oberhofer, Cédric"]
[Black "Gelman, Josef"]
[Result "0-1"]
[Termination "normal"]
[Board "11"]
[WhiteElo "2158"]
[BlackElo "1962"]
[WhiteClock "00:05:35"]
[BlackClock "00:19:32"]
[PlyCount "104"]
[WhiteFideId "12941220"]
[BlackFideId "12959642"]
[EventCountry "GER"]
[EventRounds "9"]
[EventType "swiss"]
[EventDate "2018.05.19"]

1. d4 {[%clk 1:30:58]} 1... d5 {[%clk 1:30:58]} 2. c4 {[%clk 1:31:19]} 2... c6
{[%clk 1:31:26]} 3. Nf3 {[%clk 1:31:40]} 3... Nf6 {[%clk 1:31:42]} 4. g3 {
[%clk 1:32:01]} 4... dxc4 {[%clk 1:31:30]} 5. Bg2 {[%clk 1:32:10]} 5... g6 {
[%clk 1:30:34]} 6. O-O {[%clk 1:30:32]} 6... Bg7 {[%clk 1:30:55]} 7. Qc2 {
[%clk 1:26:21]} 7... b5 {[%clk 1:26:52]} 8. Nc3 {[%clk 1:17:07]} 8... a6 {
[%clk 1:26:52]} 9. e4 {[%clk 1:13:04]} 9... O-O {[%clk 1:26:52]} 10. Rd1 {
[%clk 1:10:53]} 10... Bb7 {[%clk 1:26:00]} 11. h3 {[%clk 1:01:18]} 11... Qc8 {
[%clk 1:25:51]} 12. a4 {[%clk 1:00:00]} 12... Rd8 {[%clk 1:24:39]} 13. Be3 {
[%clk 0:58:45]} 13... e6 {[%clk 1:23:46]} 14. Ne5 {[%clk 0:49:03]} 14... Nbd7 {
[%clk 1:22:08]} 15. f4 {[%clk 0:47:39]} 15... Nxe5 {[%clk 1:18:42]} 16. dxe5 {
[%clk 0:44:27]} 16... Rxd1+ {[%clk 1:08:49]} 17. Rxd1 {[%clk 0:44:48]} 17...
Nd7 {[%clk 1:09:14]} 18. Qd2 {[%clk 0:40:13]} 18... Nf8 {[%clk 1:08:21]} 19. h4
{[%clk 0:37:11]} 19... Qc7 {[%clk 1:03:04]} 20. Bc5 {[%clk 0:34:44]} 20... Re8
{[%clk 0:59:07]} 21. Qd4 {[%clk 0:30:29]} 21... Bc8 {[%clk 0:58:53]} 22. Kh2 {
[%clk 0:25:21]} 22... Nd7 {[%clk 0:58:43]} 23. Bd6 {[%clk 0:22:57]} 23... Qb6 {
[%clk 0:56:53]} 24. Qxb6 {[%clk 0:15:25]} 24... Nxb6 {[%clk 0:57:18]} 25. Bc5 {
[%clk 0:12:51]} 25... Nd7 {[%clk 0:56:54]} 26. Bd6 {[%clk 0:13:15]} 26... Nb6 {
[%clk 0:57:06]} 27. Ba3 {[%clk 0:11:17]} 27... Bf8 {[%clk 0:56:17]} 28. Bxf8 {
[%clk 0:11:24]} 28... Kxf8 {[%clk 0:56:10]} 29. a5 {[%clk 0:06:08]} 29... Nd7 {
[%clk 0:56:13]} 30. Rd6 {[%clk 0:06:34]} 30... Nc5 {[%clk 0:49:05]} 31. Rxc6 {
[%clk 0:06:00]} 31... Nb3 {[%clk 0:49:09]} 32. Rc7 {[%clk 0:05:48]} 32... Nxa5
{[%clk 0:48:58]} 33. Nd1 {[%clk 0:04:26]} 33... Bb7 {[%clk 0:45:25]} 34. Ne3 {
[%clk 0:03:46]} 34... Re7 {[%clk 0:45:05]} 35. Rxe7 {[%clk 0:04:01]} 35... Kxe7
{[%clk 0:45:31]} 36. Kg1 {[%clk 0:03:50]} 36... Nb3 {[%clk 0:44:51]} 37. Nd1 {
[%clk 0:04:13]} 37... Nc5 {[%clk 0:44:59]} 38. Nf2 {[%clk 0:03:45]} 38... b4 {
[%clk 0:41:35]} 39. Bf1 {[%clk 0:01:20]} 39... c3 {[%clk 0:40:10]} 40. bxc3 {
[%clk 0:01:46]} 40... bxc3 {[%clk 0:40:36]} 41. Bd3 {[%clk 0:02:14]} 41... Nxd3
{[%clk 0:40:38]} 42. Nxd3 {[%clk 0:02:41]} 42... Bxe4 {[%clk 0:40:56]} 43. Nc1
{[%clk 0:03:09]} 43... Kd7 {[%clk 0:33:12]} 44. Kf2 {[%clk 0:03:09]} 44... Kc6
{[%clk 0:32:57]} 45. Ke3 {[%clk 0:03:31]} 45... Kd5 {[%clk 0:26:48]} 46. Ne2 {
[%clk 0:03:21]} 46... c2 {[%clk 0:22:49]} 47. Nc3+ {[%clk 0:03:40]} 47... Kc4 {
[%clk 0:23:03]} 48. Ne2 {[%clk 0:04:07]} 48... Bd3 {[%clk 0:21:37]} 49. Nc1 {
[%clk 0:04:31]} 49... Bf5 {[%clk 0:21:43]} 50. Kd2 {[%clk 0:04:52]} 50... a5 {
[%clk 0:20:33]} 51. g4 {[%clk 0:05:09]} 51... Bxg4 {[%clk 0:19:24]} 52. Kxc2 {
[%clk 0:05:35]} 52... Kd4 {[%clk 0:19:32]} 0-1

[Event "DEM U18 2018"]
[Site "Willingen GER"]
[Date "2018.05.24"]
[Round "7"]
[White "Focke, Adrian"]
[Black "Weller, Uli"]
[Result "1/2-1/2"]
[Termination "normal"]
[Board "12"]
[WhiteElo "1775"]
[BlackElo "2062"]
[WhiteClock "00:58:55"]
[BlackClock "01:04:49"]
[PlyCount "48"]
[WhiteFideId "12969869"]
[BlackFideId "12971782"]
[EventCountry "GER"]
[EventRounds "9"]
[EventType "swiss"]
[EventDate "2018.05.19"]

1. e4 {[%clk 1:30:54]} 1... c5 {[%clk 1:30:51]} 2. Nf3 {[%clk 1:31:19]} 2...
Nc6 {[%clk 1:31:15]} 3. d4 {[%clk 1:31:46]} 3... cxd4 {[%clk 1:31:39]} 4. Nxd4
{[%clk 1:32:12]} 4... g6 {[%clk 1:31:59]} 5. c4 {[%clk 1:32:31]} 5... Nf6 {
[%clk 1:32:16]} 6. Nc3 {[%clk 1:32:55]} 6... d6 {[%clk 1:32:10]} 7. Be2 { [%clk
1:31:49]} 7... Nxd4 {[%clk 1:32:24]} 8. Qxd4 {[%clk 1:31:57]} 8... Bg7 { [%clk
1:32:46]} 9. Be3 {[%clk 1:29:38]} 9... O-O {[%clk 1:33:03]} 10. Qd2 { [%clk
1:25:45]} 10... Be6 {[%clk 1:33:03]} 11. O-O {[%clk 1:24:45]} 11... Qa5 { [%clk
1:33:09]} 12. Rac1 {[%clk 1:22:45]} 12... Rfc8 {[%clk 1:31:35]} 13. b3 { [%clk
1:21:14]} 13... a6 {[%clk 1:30:33]} 14. f3 {[%clk 1:16:02]} 14... b5 { [%clk
1:29:15]} 15. Nd5 {[%clk 1:07:09]} 15... Qxd2 {[%clk 1:29:02]} 16. Bxd2 { [%clk
1:07:14]} 16... Nxd5 {[%clk 1:29:04]} 17. cxd5 {[%clk 1:06:53]} 17... Bd7
{[%clk 1:29:26]} 18. Rxc8+ {[%clk 1:05:03]} 18... Rxc8 {[%clk 1:29:46]} 19. Rc1
{[%clk 1:05:26]} 19... Bd4+ {[%clk 1:28:01]} 20. Kf1 {[%clk 1:05:40]} 20... Rc5
{[%clk 1:27:59]} 21. Bd3 {[%clk 1:03:03]} 21... e6 {[%clk 1:24:54]} 22. dxe6 {
[%clk 1:02:02]} 22... Bxe6 {[%clk 1:22:29]} 23. Ke2 {[%clk 1:00:27]} 23... Kg7
{[%clk 1:16:41]} 24. Rc2 {[%clk 0:58:55]} 24... Kf6 {[%clk 1:04:49]} 1/2-1/2

[Event "DEM U18 2018"]
[Site "Willingen GER"]
[Date "2018.05.24"]
[Round "7"]
[White "Heldt, Nils-Lennart"]
[Black "Ortmeier, Leonhard"]
[Result "1/2-1/2"]
[Termination "normal"]
[Board "13"]
[WhiteElo "2070"]
[BlackElo "2141"]
[WhiteClock "00:53:41"]
[BlackClock "00:43:22"]
[PlyCount "48"]
[WhiteFideId "12952109"]
[BlackFideId "12993662"]
[EventCountry "GER"]
[EventRounds "9"]
[EventType "swiss"]
[EventDate "2018.05.19"]

1. e4 {[%clk 1:30:58]} 1... c5 {[%clk 1:30:37]} 2. Nf3 {[%clk 1:31:23]} 2... d6
{[%clk 1:30:48]} 3. d4 {[%clk 1:31:48]} 3... cxd4 {[%clk 1:31:02]} 4. Nxd4 {
[%clk 1:32:12]} 4... Nf6 {[%clk 1:31:24]} 5. Nc3 {[%clk 1:32:36]} 5... a6 {
[%clk 1:30:58]} 6. h3 {[%clk 1:32:41]} 6... e5 {[%clk 1:30:44]} 7. Nb3 { [%clk
1:32:07]} 7... Be6 {[%clk 1:28:22]} 8. Bg5 {[%clk 1:31:21]} 8... Nbd7 { [%clk
1:26:06]} 9. Bd3 {[%clk 1:26:37]} 9... Be7 {[%clk 1:23:24]} 10. O-O { [%clk
1:26:28]} 10... b5 {[%clk 1:22:49]} 11. Bxf6 {[%clk 1:22:37]} 11... Nxf6 {[%clk
1:21:06]} 12. Nd5 {[%clk 1:21:49]} 12... Bxd5 {[%clk 1:20:28]} 13. exd5 {[%clk
1:22:14]} 13... O-O {[%clk 1:20:04]} 14. c4 {[%clk 1:19:28]} 14... Qb6 { [%clk
1:12:53]} 15. Nd2 {[%clk 1:17:03]} 15... Nd7 {[%clk 1:11:33]} 16. Bc2 { [%clk
1:14:16]} 16... f5 {[%clk 1:08:44]} 17. a4 {[%clk 1:13:51]} 17... g6 { [%clk
1:06:36]} 18. cxb5 {[%clk 1:11:26]} 18... axb5 {[%clk 1:03:25]} 19. axb5 {[%clk
1:11:38]} 19... Nc5 {[%clk 1:00:31]} 20. b4 {[%clk 1:11:08]} 20... Nd7 { [%clk
1:00:50]} 21. Qe2 {[%clk 1:05:29]} 21... Qd4 {[%clk 0:58:23]} 22. Ra6 { [%clk
1:04:06]} 22... Rab8 {[%clk 0:53:23]} 23. Rfa1 {[%clk 0:59:35]} 23... Qxb4
{[%clk 0:48:41]} 24. Rb1 {[%clk 0:53:41]} 24... Qc5 {[%clk 0:43:22]} 1/2-1/2